| 000 | 01021nas a2200337 4500 | ||
|---|---|---|---|
| 001 | BR2014006431 | ||
| 003 | BR-BrBNA | ||
| 005 | 20231205124622.0 | ||
| 007 | ta | ||
| 008 | 230509b bl.|||p| |||| 00| 00por d | ||
| 040 |
_aBR-BrBNA _bpor _cBiblioteca Nacional de Agricultura |
||
| 041 | _a(En) | ||
| 072 | _aQ02; F62 | ||
| 100 | 1 | _aSouza, K.O. de | |
| 100 | 1 | _aMoura, C.F.H. | |
| 100 | 1 | _aBrito, E.S. | |
| 100 | 1 | _aMiranda, M.R.A. de | |
| 245 | 1 | _aAntioxidant compounds and total antioxidant activity in fruits of acerola from cv. Flor Branca, Florida Sweet and BRSW 366 | |
| 650 | _aACEROLA | ||
| 650 | _aFRUTO | ||
| 650 | _aVITAMINA C | ||
| 650 | _aENZIMA | ||
| 650 | _aPOLIFENOL OXIDASE | ||
| 650 | _aANTIOXIDANTE | ||
| 650 | _aVARIEDADE | ||
| 650 | _aFISIOLOGIA VEGETAL | ||
| 650 | _aPÓS-COLHEITA | ||
| 773 | 0 |
_tRevista Brasileira de Fruticultura (Brazil) _xISSN 0100-2945 _g(Jun 2014), v. 36(2) p. 294-304 _wBR2014006431 |
|
| 909 |
_a202311 _bLúcia _c55 _dLúcia Elande |
||
| 942 |
_2AGRIS _n0 _cANA |
||
| 999 |
_c240011 _d240011 |
||